| 000 | 01715nam a2200433 i 4500 | ||
|---|---|---|---|
| 001 | ELB106176 | ||
| 003 | FINmELB | ||
| 005 | 20250326043136.0 | ||
| 006 | m o u | ||
| 007 | cr cn||||||||| | ||
| 008 | 201029s2011 sp a ob 000 0 spa d | ||
| 020 |
_a9781512966602 _q(e-book) |
||
| 020 | _z9788492980444 | ||
| 035 | _a(OCoLC)1204300110 | ||
| 040 |
_aFINmELB _bspa, _erda _cFINmELB |
||
| 050 | 1 | 4 |
_aK3265 _b.M685 2011 |
| 080 | _a349.2(4-672 UE):331.556.4 | ||
| 082 | 0 | 4 |
_a341.481 _223 |
| 245 | 0 | 3 |
_aLa movilidad europea de los trabajadores / _ccoordinadora de la obra: Ma. Dolores Pérez Rodríguez. |
| 250 | _aSegunda edición. | ||
| 264 | 1 |
_aMálaga : _bICB, _c2011. |
|
| 300 |
_a1 recurso en línea (138, [54] páginas) : _bilustraciones |
||
| 336 |
_atexto _btxt _2rdacontent/spa |
||
| 337 |
_acomputadora _bc _2rdamedia/spa |
||
| 338 |
_arecurso en línea _bcr _2rdacarrier/spa |
||
| 504 | _aBibliografía: páginas [189-190]. | ||
| 588 | _aDescripción basada en metadatos suministrados por el editor y otras fuentes. | ||
| 590 | _aRecurso electrónico. Santa Fe, Arg.: elibro, 2020. Disponible vía World Wide Web. El acceso puede estar limitado para las bibliotecas afiliadas a elibro. | ||
| 650 | 4 |
_aLibre circulación de trabajadores _zPaíses de la Unión Europea. |
|
| 650 | 0 |
_aForeign workers _xLegal status, laws, etc. _zEuropean Union countries. |
|
| 655 | 4 | _aLibros electrónicos. | |
| 700 | 1 |
_aPérez Rodríguez, Ma. Dolores, _ecoordinador. |
|
| 797 | 2 | _aelibro, Corp. | |
| 856 | 4 | 0 | _uhttps://elibro.net/ereader/usam/106176 |
| 999 |
_c141287 _d141287 |
||